[Event "Wch U12"]
[Site "Maribor"]
[Date "2012.11.16"]
[Round "9.33"]
[White "Djurhuus, Eivind X"]
[Black "Crump, Alexander J"]
[Result "1/2-1/2"]
[WhiteElo "1831"]
[BlackElo "1953"]
[PlyCount "104"]
[EventDate "2012.11.08"]
[EventType "swiss"]
[EventRounds "11"]
[EventCountry "SLO"]
[SourceTitle "EXT 2013"]
[Source "ChessBase"]
[SourceDate "2012.11.22"]
[SourceVersion "1"]
[SourceVersionDate "2012.11.22"]
[SourceQuality "1"]

1. e4 e6 2. d3 d5 3. Qe2 Nf6 4. Nf3 c5 5. g3 Nc6 6. Bg2 Be7 7. 0-0 b6 8. e5 Nd7 9. c4 d4 10. h4 Bb7 11. Re1 Qc7 12. Nbd2 h6 13. Nf1 0-0-0 14. N1h2 Rdg8 15. Ng4 g5 16. h5 Bf8 17. Bd2 Bg7 18. a3 Rd8 19. b4 Kb8 20. Rab1 Rhe8 21. a4 cxb4 22. Bxb4 Nxb4 23. Rxb4 Nc5 24. Reb1 Kc8 25. Nd2 Bxg2 26. Kxg2 Qc6+ 27. f3 Nxa4 28. Ne4 Nc3 29. Nxc3 dxc3 30. R1b3 Rd7 31. Kh3 Red8 32. Rxc3 Qc5 33. Rb5 Qc6 34. Rcb3 Rc7 35. Ne3 Bf8 36. Rc3 Kb7 37. Rb1 Bc5 38. Nc2 Rcd7 39. Nb4 Bxb4 40. Rxb4 Rd4 41. Kg2 g4 42. Rbb3 Rg8 43. c5 gxf3+ 44. Qxf3 Qxf3+ 45. Kxf3 Rg5 46. cxb6 axb6 47. Rc4 Rxc4 48. dxc4 Rxh5 49. Ke4 Rg5 50. c5 Rg4+ 51. Kf3 Rc4 52. cxb6 Rc6 1/2-1/2

[Event "Wch U12"]
[Site "Maribor"]
[Date "2012.11.12"]
[Round "6.14"]
[White "Martirosyan, Haik M"]
[Black "Crump, Alexander J"]
[Result "1-0"]
[WhiteElo "2086"]
[BlackElo "1953"]
[PlyCount "69"]
[EventDate "2012.11.08"]
[EventType "swiss"]
[EventRounds "11"]
[EventCountry "SLO"]
[SourceTitle "EXT 2013"]
[Source "ChessBase"]
[SourceDate "2012.11.22"]
[SourceVersion "1"]
[SourceVersionDate "2012.11.22"]
[SourceQuality "1"]

1. d4 e6 2. c4 f5 3. Nf3 d5 4. g3 c6 5. Bg2 Nf6 6. 0-0 Be7 7. Qc2 0-0 8. Nbd2 Ne4 9. b3 Nd7 10. Bb2 Ndf6 11. Ne5 Bd7 12. Rac1 Be8 13. Ndf3 Bh5 14. Nd3 Bd6 15. Nfe5 Nd7 16. Nf4 Bf7 17. f3 Nef6 18. e4 fxe4 19. fxe4 Nxe5 20. dxe5 Bc5+ 21. Kh1 Ng4 22. cxd5 b6 23. dxe6 Be8 24. Qe2 Ne3 25. Rxc5 Nxg2 26. Rcc1 Nxf4 27. gxf4 Qh4 28. f5 c5 29. f6 Bc6 30. Rcd1 a6 31. a4 a5 32. Rg1 g6 33. Rg4 Qh3 34. e7 Rfe8 35. e6 1-0